Перейти до змісту

Замечания на статью Г. Менцова: «О состоянии первоначального обучения в Китае»

Классическое произведение, относящееся к общественному достоянию.

Збережено в:
Бібліографічні деталі
Автор: Бичурин Н. Я.
Формат: Книга
Мова:Russian
Опубліковано: Санкт-Петербург Лань 2017
Онлайн доступ:https://e.lanbook.com/book/95921
https://e.lanbook.com/img/cover/book/95921.jpg
Теги: Додати тег
Немає тегів, Будьте першим, хто поставить тег для цього запису!
LEADER 01096nam0a2200241 i 4500
001 95921
003 RuSpLAN
005 20221220174000.0
008 221220s2017 ru gs 000 0 rus
020 |a 978-5-507-43351-3 
040 |a RuSpLAN 
041 0 |a rus 
044 |a ru 
245 0 0 |a Замечания на статью Г. Менцова: «О состоянии первоначального обучения в Китае»  |c Бичурин Н. Я. 
260 |a Санкт-Петербург  |b Лань  |c 2017 
300 |a 5 с. 
504 |a Библиогр.: доступна в карточке книги, на сайте ЭБС Лань 
520 8 |a Классическое произведение, относящееся к общественному достоянию. 
521 8 |a Книга из коллекции Лань - Социально-гуманитарные науки 
100 1 |a Бичурин Н. Я. 
856 4 |u https://e.lanbook.com/book/95921 
856 4 8 |u https://e.lanbook.com/img/cover/book/95921.jpg 
953 |a https://e.lanbook.com/img/cover/book/95921.jpg